Fictional Planets and Moons by Picture - Statistics

General Stats
  • This quiz has been taken 13 times
  • The average score is 4 of 12
Answer Stats
Picture Answer % Correct
Coruscant
70%
Ego
70%
Ilum
70%
Pandora
50%
Cybertron
40%
Arrakis
30%
Discworld
20%
Gallifrey
10%
Korhal
10%
Naboo
10%
Qo'noS
10%
Romulus
10%
No matching quizzes found
Score Distribution
Percent of People with Each Score
Percentile by Number Answered
Your Score History
You have not taken this quiz